[Event "2024 Summer TNM: 1600-1999"]
[Site "San Francisco"]
[Date "2024.05.28"]
[Round "4.14"]
[White "Wong, Wilson"]
[Black "Ochoa, Jason B"]
[Result "1-0"]
[WhiteElo "1908"]
[BlackElo "1700"]
[Annotator "Wong,Wilson"]
[PlyCount "81"]
[GameId "2050885565855228"]
[EventDate "2024.05.07"]
[EventType "swiss"]
[EventRounds "7"]
[EventCountry "USA"]

1. e4 c5 2. Nf3 g6 {White has many ways to approach the hyper-accelerated.} 3. d4 {The most popular move. White can develop quickly if necessary.} (3. c3 {A very strong alternative. White blunts the a1-h8 diagonal, limiting the effectiveness of a g7-bishop. I imagine games will resemble an Alapin but Black went 2...g6. This scores really well in practice.}) (3. c4 {A way to get into the Maroczy Bind.}) 3... Bg7 4. dxc5 {The principled move. Black will get the pawn back with 4...Qa5+ but I'll be able to gain tempo on Black's queen.} Qa5+ 5. c3 Qxc5 6. Na3 {White wants to exploit Black's queen positioning.} Nf6 7. Nb5 {Sacrificing a pawn. I need to learn how to play with the initiative so here we are.} O-O {Black doesn't bite. Black has good development but I can catch up a little by targeting Black's queen.} 8. Be3 Qc6 9. Nfd4 Qxe4 10. Nc7 {I'm not sure what the evaluation of this position was. I wasn't sure whether it would be possible for me to grab the a8-rook and make an escape with the knight.} Nd5 {Black will have at least two pawns, and if Black can trap my a8-knight, Black will be doing amazing.} 11. Nxa8 Nxe3 12. fxe3 Qxe3+ 13. Qe2 {I can't waste any time if I want any hope of escaping with my c8-knight.} Qf4 {Black makes sure my a8-knight doesn't get out.} 14. g3 Qd6 15. O-O-O Qd5 16. Bg2 Qxa2 {It was very difficult for me to figure out how to progress. Black has ...Bh6+, can move d7-pawn then play ...Bf5 to cut across my king's shelter, and ...Qa1+ to ...Qa4+. Black also has ...Na6 to stop my a8-knight from escaping.} 17. Nc7 (17. Qb5 $1 {I didn't consider this idea get queens off the board. The thing with this move is it also allows Bxb7.} Nc6 18. Bd5 Nxd4 19. cxd4 {I believe White will then succeed in saving a8-knight, which should be winning.}) 17... e5 18. Nc2 (18. Bd5 Qa5 19. Ndb5 a6 {I had no answer to saving my c7-knight.} 20. Nd6 Qxc7 21. Rhf1 {I did go down material, but this position would've been easily justified compensation, with me immediately being able to win one pawn back, but having better development and a kingside attack. Black's b8-knight and c8-bishop are looking goofy, especially c8-bishop which needs time to open diagonals to develop onto.}) 18... Nc6 19. Bd5 (19. Na3 {I totally missed this candidate move with my knight. I needed to free c2-square for my king, but also be able to block checks such as ...Bf5+ or ...Qa4, and this does a good job of securing my king, but also cutting off the a-file for Black's queen to attack my c7-knight.}) 19... Bh6+ 20. Ne3 Qa5 {I missed my e2-queen would be overloaded and not able to support c7-knight from retreating Nb5.} 21. h4 {I didn't consider my other resources and realized my knight couldn't be saved, so I'll have an exposed king and be down material, forcing me to find counterplay as soon as possible.} (21. Nb5 {An idea I didn't consider was to just retreat the knight anyway, when 21...Bxe3+ would require e3-bishop to probably move again, and my pieces make it difficult for c8-bishop to get into the game. Nd6 would be a nice square, restricting c8-bishop, piling on f7-square, and covering f5-square against a bishop check.}) 21... Qxc7 {I didn't think much ...Nd4, not realizing just how pinned my position is, and the threats my opponent had in a short sequence.} 22. h5 (22. Kb1 {The simplest move, getting out of two pins.}) 22... Nd4 {I missed many things this game but was lucky things just come together well enough for me to survive.} 23. Qd3 {Getting out of pin and eyeing g6-square.} Nf5 {I thought my position was very close to losing, if not already losing. I was going to try my best to get aggressive, but wasn't sure if I would be fast enough.} 24. hxg6 Bxe3+ 25. Kb1 hxg6 26. g4 {I'm just in time and have just the right resources to hold the game together.} e4 {A very cheeky tactic.} 27. Qe2 {Apparently several moves equalize, but I didn't want to play a piece down, and the tactics here allows me to at least catch up in piece count, even though I'm down many pawns. At least if we're even on pieces, I have some play in the position.} (27. Qxe4 $2 d6 28. gxf5 Bxf5 {The benefit of 26...e4 displacing my queen and taking away the option of Be4.}) 27... Ne7 {This is really bad news for Black because threats against Black's king will force Black's c7-queen to defend and end up on a passive square.} (27... Ng3 28. Qxe3 Nxh1 29. Rxh1 {Due to the weakness of Black's king, I'm able to miraculously hold.}) 28. Qxe3 Qe5 29. Qh3 Qg7 {I'm still down material, but its night the day the difference between my pieces and my opponents. I believe my much superior activity is enough to give me a draw, but I will be the one who can play for more.} 30. Bxb7 {A nice tactic to win two pawns while maintaining my piece activity.} Bxb7 31. Rxd7 Ba6 32. Rxe7 Bd3+ 33. Ka1 {I'm happy I've been able to buckle down this and last OTB game when worse to find good moves to turn the games around. I went with this king move because my king is much safer, avoiding ...Rc8, ...Rxc3+ threats. Black won't be able to leave with g7-queen because of Qh7# threat and f8-rook is tied to 8th-rank since my rook would otherwise give a devastating check.} a6 34. g5 {Taking f6-square from g7-queen as well as opening h3-c8 diagonal. I want to double on 7th-rank with Qd7, play Re8, Qe7, with Rh8+ thrown in there to win Black's queen.} Ra8 35. Qd7 Bb5 36. Qd5 Rc8 37. Rxf7 {Now only White can play for a win. I'll trade both my rooks for Black's queen and a pawn, try to win g6-pawn or target Black's other pawns. Black's king is too exposed so it'll be impossible for Black to play with their rook and bishop while also avoiding forks by my queen.} Qxf7 38. Rh8+ Kxh8 39. Qxf7 {Black's position is hopeless. There is no way for Black to make progress while keeping everything together. Meanwhile, I can also bring my king into the game, while Black's king is trapped.} Rc6 40. b3 {Threatening c4.} Bd3 41. Qe8+ 1-0

[Event "2024 Summer TNM: 1600-1999"]
[Site "San Francisco"]
[Date "2024.05.28"]
[Round "4.15"]
[White "Maheshwari, Anubhav"]
[Black "Dancig Perlman, Yali"]
[Result "1-0"]
[WhiteElo "1590"]
[BlackElo "1824"]
[Annotator "Winslow,Elliott"]
[PlyCount "94"]
[GameId "2050885565867517"]
[EventDate "2024.05.07"]
[EventType "swiss"]
[EventRounds "7"]
[EventCountry "USA"]

1. e4 e6 2. Qe2 c5 3. g3 Nc6 4. Bg2 Be7 5. Nf3 d5 6. d3 Nf6 7. O-O b6 8. Nbd2 Bb7 9. e5 Nd7 10. c3 Qc7 11. Re1 g5 {[#]} 12. h3 h5 13. Nb3 ({Relevant:} 13. Nf1 g4 14. hxg4 hxg4 15. N3h2 Ndxe5 16. Bf4 Bd6 17. Nxg4 Nxg4 18. Bxd6 Qxd6 19. Qxg4 O-O-O 20. a4 Rdg8 21. Qe2 Rg5 22. a5 Nxa5 23. b4 cxb4 24. cxb4 Qxb4 25. Reb1 Qd6 26. Rxa5 Kb8 27. Raa1 Rc8 28. Qa2 a6 29. Nd2 Ka7 30. Nf3 Rg4 31. Qb2 Rgg8 32. Nd4 Kb8 33. Qxb6 Qxb6 34. Rxb6 Ka7 35. Rb3 Rc5 36. Nb5+ Ka8 37. Nd6 Rb8 38. Nxb7 Rxb7 39. Rxa6+ Kb8 40. Rxb7+ Kxb7 41. Ra1 Rc3 42. Bf1 Kb6 {1-0 Murzin,V (2442)-Kezin,R (2470) Wch Blitz Moscow 2019 (10)}) 13... g4 14. hxg4 hxg4 15. Nh2 {[#]} Ncxe5 $146 ({Predecessor:} 15... Qxe5 16. Qxe5 Ncxe5 17. Rd1 {½-½ Schmalz,D (1923)-Brockmann,M (1729) Hannover Bezirks op 2017 (3.5)}) 16. Bf4 Bd6 17. Nxg4 Nxg4 18. Bxd6 Qxd6 19. Qxg4 O-O-O 20. a4 Rdg8 21. Qf3 f5 22. a5 f4 23. axb6 fxg3 24. fxg3 Qxb6 25. Na5 Ba8 {[#]} 26. Nc4 Qc7 27. Rxe6 Rf8 28. Nd6+ Kb8 29. Qd1 Qb6 30. d4 Rf6 31. Rxf6 Nxf6 32. Qa4 Bc6 33. Qa5 cxd4 34. Qxb6+ axb6 35. cxd4 Rd8 36. Nf7 Rg8 37. Ne5 Bb7 38. Kf2 Ne4+ 39. Bxe4 dxe4 40. g4 Kc7 41. Rc1+ Kd6 42. Ke3 Bc8 43. Kxe4 Bxg4 44. Rc6+ Ke7 45. Rxb6 Bh3 46. Ng6+ Kf7 47. Nf4 Re8+ {[#] Here the one scoresheet ends, so we don't know what happened, loss on time, immediate resignation, further moves.} (47... Re8+ 48. Kd5 $1 {Best by far is to bring in the king to support the pawns.There are many attempts to defend, but nothing works. One try:} Bg4 49. Kc5 Bf3 50. b4 Rc8+ 51. Kd6 Rd8+ 52. Ke5 {The bishop can only give itself up for one of the pawns -- the other secures the win. (Note that R+N v R is just a draw.)}) 1-0

[Event "2024 Summer TNM: 1600-1999"]
[Site "San Francisco"]
[Date "2024.05.28"]
[Round "4.18"]
[White "Babayan, Gagik"]
[Black "Ni, April"]
[Result "1-0"]
[WhiteElo "1654"]
[BlackElo "1403"]
[Annotator "Winslow,Elliott"]
[PlyCount "117"]
[GameId "2050885565871615"]
[EventDate "2024.05.07"]
[EventType "swiss"]
[EventRounds "7"]
[EventCountry "USA"]

1. e4 e6 2. d4 d5 3. exd5 exd5 4. Bd3 Bd6 5. Nf3 Nf6 6. O-O O-O 7. Nc3 Bg4 8. h3 Bh5 9. Bg5 Be7 10. Bxf6 Bxf6 11. g4 Bg6 12. Ne2 h6 13. c3 Bxd3 14. Qxd3 Nc6 15. Ng3 Re8 16. Rfe1 Qd7 17. Nh5 Bg5 18. Nxg5 hxg5 19. Ng3 Rxe1+ 20. Rxe1 a6 21. Qe3 Qd8 22. b4 b5 23. Re2 Kf8 24. Kg2 Qe7 25. Qd3 Qd6 26. Qh7 Qh6 27. Qf5 Rd8 28. Nf1 Ne7 29. Qd3 Ng6 30. Qe3 Nf4+ 31. Kh2 Nxe2 32. Qxe2 Re8 {[#]} 33. Ne3 Qd6+ 34. Kg2 g6 35. Qf3 c6 36. Qd1 Re6 37. a4 Rf6 38. axb5 axb5 39. f3 Re6 40. Nf1 Qe7 41. Kf2 f5 42. gxf5 gxf5 43. Qd3 Rf6 44. Ne3 Qd7 45. Kg2 Kg7 46. Kf2 Kh6 47. Kg2 Kh5 48. Qe2 f4 49. Ng4 Re6 50. Ne5 Re8 51. Qd3 {[#]} Qe6 $4 52. Qh7+ Qh6 53. Qf7+ Kh4 54. Qxe8 (54. Qf5 $1 Qh5 55. Ng6+ Qxg6 56. Qg4#) 54... c5 55. bxc5 Qh7 56. Qg6 Qxg6 57. Nxg6+ Kh5 58. Ne7 Kh6 59. c6 1-0

[Event "2024 Summer TNM: 1600-1999"]
[Site "San Francisco"]
[Date "2024.05.28"]
[Round "4.19"]
[White "Casares, Nick"]
[Black "Mercado, Adam"]
[Result "0-1"]
[WhiteElo "1600"]
[BlackElo "1751"]
[Annotator "Winslow,Elliott"]
[PlyCount "24"]
[GameId "2050885565871616"]
[EventDate "2024.05.07"]
[EventType "swiss"]
[EventRounds "7"]
[EventCountry "USA"]

1. e4 c5 2. Nf3 Nc6 3. Bb5 e6 4. Bxc6 bxc6 5. c4 Ne7 6. d4 cxd4 7. Qxd4 Ng6 8. Nc3 c5 9. Qd3 Be7 10. e5 Bb7 11. Ne4 O-O 12. Bf4 $4 Nxf4 0-1

[Event "2024 Summer TNM: 1600-1999"]
[Site "San Francisco"]
[Date "2024.05.28"]
[Round "4.20"]
[White "Cooper, Lee"]
[Black "Crompton, Robert"]
[Result "1-0"]
[WhiteElo "1665"]
[BlackElo "1607"]
[Annotator "Winslow,Elliott"]
[PlyCount "112"]
[GameId "2050885565871617"]
[EventDate "2024.05.07"]
[EventType "swiss"]
[EventRounds "7"]
[EventCountry "USA"]

1. d4 f5 2. c4 Nf6 3. Nc3 d6 4. g3 g6 5. Bg2 Bg7 6. Bg5 O-O 7. e3 c6 8. Nge2 Nh5 9. e4 h6 10. Be3 e5 11. Qd2 Kh7 12. exf5 Bxf5 13. dxe5 dxe5 14. O-O-O Qc7 15. Qd6 Na6 16. Be4 Nf6 17. Bxf5 gxf5 18. Qe6 Kg6 {[#]} 19. g4 $5 $14 (19. h4 $1 $18 Qc8 20. Qxe5) 19... f4 $8 20. Qf5+ Kf7 21. Bd2 $11 (21. Ne4 $5 Kg8 $8 (21... fxe3 22. Nxf6 Bxf6 23. Rd7+) 22. Bc5 Nxc5 23. Nxc5 Qe7 24. Ne6 Rf7 25. Nxg7 Rxg7 26. f3 $11 {/}) 21... Kg8 $1 22. g5 Nh7 $6 (22... hxg5 23. Qxg5 Nc5 24. Nxf4 Nh7 25. Qh5 Nf6 $11) 23. Qe6+ Qf7 $8 24. Qxf7+ Kxf7 $8 {[#]} 25. gxh6 (25. g6+ $1 Kxg6 26. Rhg1+ Kf7 27. Bxf4 $16) 25... Bxh6 26. Ne4 Ke6 $6 (26... Rad8 27. h4 Nf6 28. N2c3 Rg8 $11) 27. a3 $6 (27. h4 $14) 27... Nf6 (27... Ng5 $1) 28. N2c3 b6 29. Nxf6 Rxf6 30. b4 (30. Ne4 $1 Rg6 (30... Nc5 $2 31. Nxf6 Nd3+ 32. Kc2 Nxf2 33. Rde1 $18) 31. Bc3 Nc5 $14) 30... Rg8 $6 (30... Rd8) (30... Rg6) 31. Ne4 Rfg6 $6 32. f3 $6 (32. h4 $1) 32... Bf8 33. Bc3 (33. Rhe1 $1) 33... Nc7 $2 (33... Nb8 $1 $11) 34. h4 $16 Be7 35. Rde1 Rh6 36. Nf2 Rh5 $2 (36... Bf6 37. Ng4 Rxh4 38. Rxh4 Bxh4 39. Rxe5+) 37. Ng4 $2 (37. Nd3 $18 {[%csl Re5,Rf4]}) 37... Bf6 $2 (37... Bd6 $1 $14) 38. Re2 $1 $18 Rxh4 39. Rxh4 Bxh4 40. Bxe5 $6 (40. Nxe5 $18) 40... Kd7 $16 41. Rh2 Be7 (41... Bd8 $1 42. Kc2 a5 43. bxa5 bxa5 44. Bxf4 Ne6 $16) 42. Rh7 Re8 $2 43. Nf6+ Ke6 44. Nxe8 Nxe8 45. Bxf4 Nf6 46. Rh1 Kf5 47. Be3 a5 48. c5 axb4 49. axb4 (49. cxb6) 49... b5 50. Bd2 Nd5 51. Rh5+ Ke6 52. Rh6+ Kd7 53. Rh7 Ke6 54. Kc2 Bf6 55. Rh6 Ke7 56. f4 Ke6 {(...)} 1-0

[Event "2024 Summer TNM: 1600-1999"]
[Site "San Francisco"]
[Date "2024.05.28"]
[Round "4.21"]
[White "Moisselin, Simon"]
[Black "Prasad, Thejas"]
[Result "0-1"]
[WhiteElo "1582"]
[BlackElo "1618"]
[PlyCount "120"]
[GameId "2050885565875714"]
[EventDate "2024.05.07"]
[EventType "swiss"]
[EventRounds "7"]
[EventCountry "USA"]

1. e4 e5 2. Nf3 Nc6 3. Nc3 Nf6 4. d4 exd4 5. Nxd4 Bb4 6. Nxc6 bxc6 {[#]} 7. Bg5 h6 8. Bh4 d6 9. Qf3 Bg4 10. Bxf6 Qxf6 11. Qxf6 gxf6 12. Kd2 Rg8 13. a3 Ba5 14. b4 Bb6 15. f4 O-O-O 16. h3 Bd7 17. g4 d5 18. Ba6+ Kb8 19. Ke2 Bd4 20. Kd3 Bxc3 21. Kxc3 dxe4 22. f5 Bc8 23. Bc4 {[#]} Rge8 24. Bxf7 Re5 25. Rad1 Rd6 26. Bc4 Bb7 27. Rhe1 c5 28. b5 e3 29. Rd3 Rxd3+ 30. Kxd3 Bg2 31. h4 Bh3 32. Rg1 e2 33. Kd2 Bxg4 34. Re1 Rxf5 35. Bxe2 Rd5+ 36. Kc3 Re5 37. Kd2 f5 38. Bxg4 Rxe1 39. Kxe1 fxg4 40. h5 Kc8 41. Kf2 Kd7 42. Kg3 Ke6 43. Kxg4 Ke5 44. c4 Ke4 45. a4 Ke5 46. a5 Ke4 47. a6 Ke5 {(Last move on one scoresheet)} 48. Kf3 Kf5 49. Ke3 Ke5 50. Kd3 Kf5 51. Ke3 Ke5 52. Kd3 Kf4 53. Kd2 Ke4 54. Kc3 Ke3 55. Kb2 Kd2 56. Kb3 Kd3 57. Ka4 Kxc4 58. Ka5 {[#]} Kd5 {Scoresheet gives as the move "58...Ke5"} (58... Kd4 $1 {is the fastest to mate (14 more moves):} 59. b6 cxb6+ 60. Kb5 Kd5 61. Ka4 c4) 59. b6 cxb6+ 60. Kb5 c4 0-1

[Event "2024 Summer TNM: 1600-1999"]
[Site "San Francisco"]
[Date "2024.05.28"]
[Round "4.22"]
[White "Vandenhoven, Clarke Raymond"]
[Black "Ni, Tao"]
[Result "1-0"]
[WhiteElo "1601"]
[BlackElo "1450"]
[Annotator "Vandenhoven,Clarke"]
[PlyCount "51"]
[GameId "2050885565875715"]
[EventDate "2024.05.07"]
[EventType "swiss"]
[EventRounds "7"]
[EventCountry "USA"]

1. e4 e6 2. d4 d5 3. e5 c5 4. c3 Nc6 5. Nf3 Qb6 6. Bd3 cxd4 7. O-O Bd7 8. Nbd2 Nge7 9. Re1 dxc3 10. bxc3 Ng6 11. Nb3 Be7 12. g3 (12. Nbd4 O-O 13. h4 Rfc8 (13... Nxh4 14. Nxh4 Bxh4 15. Qh5 Bxf2+ 16. Kxf2 g6 $13) 14. h5 Nf8 $10) 12... Na5 13. Nbd4 {[%cal Gd4b5]} Qc7 14. Bd2 Nc4 15. h4 $2 a6 $2 16. Qe2 h5 $2 17. Bxg6 Nxd2 18. Bxf7+ Kxf7 19. Qxd2 g6 20. Ng5+ Bxg5 21. Qxg5 Qd8 22. Qf4+ Kg7 23. Rab1 Rf8 $4 24. Rxb7 $1 Qe7 25. Qg5 Qxg5 $2 26. Rxd7+ 1-0

[Event "2024 Summer TNM: 1200-1599"]
[Site "San Francisco"]
[Date "2024.05.28"]
[Round "4.23"]
[White "Clark, Drew H"]
[Black "Boyer, John"]
[Result "0-1"]
[WhiteElo "1316"]
[BlackElo "1533"]
[PlyCount "76"]
[GameId "2050885565879812"]
[EventDate "2024.05.07"]
[EventType "swiss"]
[EventRounds "7"]
[EventCountry "USA"]

1. e4 c5 2. Nf3 a6 3. c3 d5 4. e5 Nc6 5. d4 Bg4 6. Be3 e6 7. Nbd2 Qb6 8. Qc2 cxd4 9. Bxd4 Nxd4 10. Nxd4 O-O-O 11. b4 Qc7 12. f4 Ne7 13. Qb2 {[#]} g5 14. h3 Bh5 15. g4 Bg6 16. b5 axb5 17. Nxb5 Qb6 18. a4 Qe3+ 19. Be2 Bd3 20. Rh2 gxf4 21. Nd6+ Rxd6 22. exd6 Nc6 23. Nf1 Qe5 {[#]} 24. d7+ Kxd7 25. Qxb7+ Kd6 26. Kd2 Bh6 27. Bxd3 Rb8 28. Qxf7 Rb2+ 29. Kd1 Rxh2 {[#]} 30. Nxh2 Qxc3 31. Ra2 Qxd3+ 32. Rd2 Qb1+ 33. Ke2 Qe4+ 34. Kd1 Nd4 35. Kc1 Qe1+ 36. Rd1 Qc3+ 37. Kb1 Qb3+ 38. Ka1 Nc2# 0-1

[Event "2024 Summer TNM: 1200-1599"]
[Site "San Francisco"]
[Date "2024.05.28"]
[Round "4.24"]
[White "Horowitz, Phineas F"]
[Black "Barreyro, Romeo Belmes"]
[Result "1-0"]
[WhiteElo "1340"]
[BlackElo "1500"]
[PlyCount "71"]
[GameId "2050885565879813"]
[EventDate "2024.05.07"]
[EventType "swiss"]
[EventRounds "7"]
[EventCountry "USA"]

1. e4 e6 2. Nf3 d5 3. Nc3 dxe4 4. Nxe4 Nd7 5. d4 Ngf6 6. Bd3 Be7 7. O-O O-O {[#]} 8. b3 Nxe4 9. Bxe4 Nf6 10. Bd3 b6 11. Bb2 Bb7 12. c4 h6 13. a4 Nh7 14. a5 bxa5 15. Ne5 c5 16. Bxh7+ Kxh7 17. Qh5 g6 18. Qg4 Bd6 19. dxc5 Bxe5 20. Bxe5 f5 21. Qe2 f4 22. f3 Rf5 23. Rfd1 Qe7 24. Rd6 Raf8 25. c6 Bc8 26. Rad1 R8f7 27. Rd8 g5 28. Rxc8 g4 {[#]} 29. Rd7 gxf3 30. Rxe7 fxe2 31. Rxf7+ Kg6 32. Rg7+ Kh5 33. Bc3 f3 34. Kf2 fxg2+ 35. Kxe2 Rg5 36. Rxg5+ 1-0

[Event "2024 Summer TNM: 1200-1599"]
[Site "San Francisco"]
[Date "2024.05.28"]
[Round "4.25"]
[White "Nguyen, Binh Khac"]
[Black "Fisher, Brett"]
[Result "0-1"]
[WhiteElo "1190"]
[BlackElo "1365"]
[PlyCount "92"]
[GameId "2050885565883910"]
[EventDate "2024.05.07"]
[EventType "swiss"]
[EventRounds "7"]
[EventCountry "USA"]

1. e4 c6 2. Nf3 d5 3. d3 dxe4 4. dxe4 Qxd1+ 5. Kxd1 Bg4 6. Ke1 Bxf3 7. gxf3 e5 8. Nd2 Nd7 9. a4 Ngf6 10. Nc4 h6 11. Bh3 Bc5 12. Rg1 Rg8 {[#]} 13. Bxd7+ Nxd7 14. Bxh6 O-O-O 15. Rxg7 Rxg7 16. Bxg7 Rg8 17. Nxe5 Rxg7 18. Ng4 Ne5 19. Ke2 Nxg4 20. fxg4 Rxg4 21. Kf3 Rg6 22. Rf1 Rh6 23. Kg3 Bd6+ 24. f4 Kd7 25. h4 Ke6 26. Kg4 Rg6+ 27. Kh3 f5 28. e5 Be7 29. Rh1 Bxh4 {[#]} 30. Rd1 Be7 31. Rd3 Rg4 32. Rf3 c5 33. a5 Bf8 34. Rb3 Rxf4 35. Rxb7 Kxe5 36. Kg3 Ra4 37. Rxa7 Ke4 38. Ra8 Bd6+ 39. Kf2 c4 40. Re8+ Be5 41. Rc8 Bxb2 42. a6 Bd4+ 43. Ke2 c3 44. Re8+ Be5 45. Ra8 f4 46. Kf2 Ra2 0-1

[Event "2024 Summer TNM: 1200-1599"]
[Site "San Francisco"]
[Date "2024.05.28"]
[Round "4.26"]
[White "Stults, Sawyer"]
[Black "Little, John"]
[Result "0-1"]
[WhiteElo "1112"]
[BlackElo "1282"]
[PlyCount "58"]
[GameId "2050885565883911"]
[EventDate "2024.05.07"]
[EventType "swiss"]
[EventRounds "7"]
[EventCountry "USA"]

1. e4 c5 2. d4 cxd4 3. Qxd4 Nc6 4. Qd1 Nf6 5. Nc3 e6 6. Bc4 Be7 7. Nf3 O-O 8. O-O a6 9. Qe2 b5 10. Bb3 b4 11. Nd1 a5 12. Ne3 Nxe4 13. Rd1 Bb7 14. Bd2 d5 15. c3 Ba6 16. Qe1 Rc8 17. a3 bxa3 18. Bc1 Qb6 19. Ba4 axb2 20. Rb1 Ba3 21. Bd2 Bd3 {[#]} 22. Bc2 Bxc2 23. Nxc2 Bc5 24. Ne3 a4 25. Nd4 Nxd4 26. cxd4 Bxd4 27. Ba5 Qa7 28. Bd2 Rc2 29. Bb4 Rfc8 0-1

[Event "2024 Summer TNM: 1200-1599"]
[Site "San Francisco"]
[Date "2024.05.28"]
[Round "4.27"]
[White "Ahrens, Richard William"]
[Black "Fan, Shanhuan"]
[Result "0-1"]
[WhiteElo "1094"]
[BlackElo "1211"]
[PlyCount "140"]
[GameId "2050885565883912"]
[EventDate "2024.05.07"]
[EventType "swiss"]
[EventRounds "7"]
[EventCountry "USA"]

1. e4 c6 2. Nc3 d5 3. exd5 cxd5 4. d4 Nf6 5. Bg5 e6 6. Nf3 Be7 7. Bd3 h6 8. Bxf6 Bxf6 9. O-O Nc6 10. Bb5 O-O 11. Bxc6 bxc6 12. Re1 Qb6 13. Rb1 c5 14. Na4 Qa5 15. Nxc5 Qxa2 16. Ne5 Bxe5 17. Rxe5 Qa5 18. c3 Qd8 19. Rh5 Qf6 20. Qf3 Qxf3 21. gxf3 Kh7 22. Re5 Re8 23. h4 Re7 24. Rbe1 a5 25. f4 Rb8 26. R1e2 Rb6 27. f5 Ba6 28. Nxa6 Rxa6 29. fxe6 fxe6 30. f4 g6 31. Kg2 Kg7 32. Kf3 Kf6 33. Kg4 h5+ 34. Kf3 Rb6 35. Rg2 a4 36. Reg5 Rg7 37. Ke3 Rb3 38. Kd3 a3 39. bxa3 Rxa3 40. Rb2 Rc7 41. Rc2 Ra1 42. Rcg2 Rg7 43. Rh2 Re1 44. Rg3 Rf1 45. Ke3 Rc7 46. Ke2 Rxf4 47. Rf2 Rxf2+ 48. Kxf2 Rb7 49. Rf3+ Kg7 50. Kg3 Rf7 51. Rf4 Rxf4 52. Kxf4 Kf6 53. Kf3 Kf5 54. Kg3 Ke4 55. Kf2 Kd3 56. Kf3 Kxc3 57. Kf4 Kxd4 58. Kg5 e5 59. Kxg6 e4 60. Kxh5 e3 61. Kg6 e2 62. h5 e1=Q 63. h6 Qe8+ 64. Kg7 Qe5+ 65. Kg8 Qg3+ 66. Kh7 Kc4 67. Kh8 Qe5+ 68. Kg8 d4 69. h7 d3 70. h8=Q Qxh8+ 0-1